| 000 | 01559cam a22001694a 4500 | ||
|---|---|---|---|
| 005 | 20250605163454.0 | ||
| 008 | 250528s ||||||||||||||||||||||||d | ||
| 035 | _a20024 | ||
| 040 |
_aGR-AtMCL _bgre _dGR-AtMCL _eAACR2 |
||
| 245 | 1 | _aΕμπορική Τράπεζα / Ενημερωτικό Δελτίο για την Αύξηση του Μετοχικού Κεφαλαίου | |
| 260 |
_bΕμπορική Τράπεζα, _c1999 |
||
| 300 | _a264 | ||
| 520 | _aΣυνοπτικά Στοιχεία Έκδοσης, Αυξηση του Μετοχικού Κεφαλαίου και Διαδικασία Διάθεσης των Νέων Μετοχών, Δικαιώματα Μετοχών, Πληροφορίες για την Τράπεζα, Ο Τραπεζικός Κλάδος στην Ελλάδα, Απολογιστικά Στοιχεία Δραστηριότητας της Τράπεζας Χρήσεων 1994-1998, Απολογιστικά Στοιχεία Δραστηριότητας του Ομίλου Χρήσεων 1994-1998, Ανάλυση Λογιστικής Κατάστασης της 31.3.1999, Προβλέψεις Εργασιών και Αποτελεσμάτων Χρήσεως 1999, Αναπτυξιακοί Στόχοι - Προοπτικές της Τράπεζας, Χρηματιστηριακή Πορεία - Χαρακτηριστικά Μετοχής, Μερισματική Πολιτική, Τιμή Διάθεσης των Νέων Μετοχών, Παράρτημα. | ||
| 942 | _cBK | ||
| 999 |
_c5208 _d5208 |
||